[Event "Challenge"]
[Site "http://www.queenalice.com/game.php?id=403468"]
[Date "2008.5.15"]
[Round "-"]
[White "ludo"]
[Black "Leijoto"]
[Result "1-0"]
[WhiteElo "1919"]
[BlackElo "1486"]

1. d4 d6 2. e4 e5 3. dxe5 dxe5 4. Qxd8+ Kxd8 5. Nf3 Bb4+ 6. c3 Bd6 7. Nbd2 Bg4
8. b3 Bxf3 9. Nxf3 g6 10. Bb2 b6 11. Rd1 Ke7 12. Be2 Nf6 13. Nd2 Rd8 14. f3 Nc6
15. b4 b5 16. Bxb5 Kd7 17. Nc4 Rab8 18. Nxe5+ Ke6 19. Nxc6 1-0

[Event "Challenge"]
[Site "http://www.queenalice.com/game.php?id=403471"]
[Date "2008.5.15"]
[Round "-"]
[White "ludo"]
[Black "SGrillo"]
[Result "1-0"]
[WhiteElo "2032"]
[BlackElo "1655"]

1. d4 d5 2. Nf3 Nc6 3. Bd2 Bg4 4. e3 e6 5. Be2 Bb4 6. c3 Bd6 7. O-O Bxf3 8. Bxf3
h6 9. b4 Nf6 10. a4 O-O 11. Na3 a6 12. Qc2 Ne7 13. c4 c6 14. c5 Bc7 15. Bc3 Ng6
16. Be2 Ne4 17. Bb2 Qb8 18. g3 Ng5 19. Bd3 f5 20. f4 Ne4 21. Nb1 Ne7 22. Nd2
Nxd2 23. Qxd2 Kh8 24. Qe2 Ng8 25. b5 axb5 26. axb5 Rxa1 27. Rxa1 Ne7 28. b6 Bd8
29. Bc3 Ng8 30. Ra7 Bf6 31. Qa2 Ne7 32. Be2 g6 33. h4 h5 34. Kf2 Ng8 35. Qa1 Bg7
36. Qd1 Nf6 37. Kg2 Ne4 38. Be1 Bh6 39. Qa1 Rd8 40. Bd3 Kg8 41. Be2 Kf8 42. Qa2
Ke8 43. Qa1 Qc8 44. Qd1 Qd7 45. Bxh5 Qg7 46. Be2 Nf6 47. Qa4 Qd7 48. Ba6 Rb8 49.
Bxb7 Rxb7 50. Rxb7 Qxb7 51. Qa7 1-0

[Event "Challenge"]
[Site "http://www.queenalice.com/game.php?id=403473"]
[Date "2008.5.15"]
[Round "-"]
[White "ludo"]
[Black "jhpj"]
[Result "1-0"]
[WhiteElo "2010"]
[BlackElo "1724"]

1. d4 d5 2. e3 Nf6 3. Nf3 Bg4 4. Be2 e6 5. Ne5 Bxe2 6. Qxe2 Nbd7 7. Nxd7 Qxd7 8.
c4 c5 9. cxd5 Nxd5 10. Nc3 cxd4 11. exd4 Bb4 12. Bd2 Rc8 13. Rc1 O-O 14. O-O
Bxc3 15. bxc3 b5 16. Qd3 Rc4 17. g3 Rfc8 18. a3 Qd6 19. Ra1 Nxc3 20. Bxc3 Rxc3
21. Qxb5 Qxd4 22. Qa5 e5 23. Rad1 Qc5 24. Rd8+ Rxd8 25. Qxd8+ Qf8 26. Qa5 Qxa3
27. Qxe5 1-0

[Event "Challenge"]
[Site "http://www.queenalice.com/game.php?id=403475"]
[Date "2008.5.15"]
[Round "-"]
[White "ludo"]
[Black "vergueiro"]
[Result "1-0"]
[WhiteElo "2032"]
[BlackElo "1532"]

1. d4 d5 2. Nf3 e6 3. e3 Be7 4. Bd3 Nf6 5. O-O c6 6. c4 Qc7 7. cxd5 cxd5 8. Nc3
a6 9. Bd2 O-O 10. Rc1 Nc6 11. a3 Bd7 12. Na4 b5 13. Nc5 Bxc5 14. Rxc5 Qb6 15.
Qb1 Be8 16. Rfc1 Rc8 17. Ne5 Bd7 18. Nxc6 Bxc6 19. Qc2 Bb7 20. Rxc8 Bxc8 21.
Qxc8 g6 22. Qc2 Qb8 23. Qc6 Rc8 24. Qxc8+ Qxc8 25. Rxc8+ Kg7 26. Bb4 Nd7 27. Ba5
h5 28. Ra8 f5 29. Ra7 Kf6 30. Rxd7 Kg5 31. Bd8+ Kh6 32. Rd6 1-0

[Event "Challenge"]
[Site "http://www.queenalice.com/game.php?id=403476"]
[Date "2008.5.15"]
[Round "-"]
[White "ludo"]
[Black "tkasperbauer"]
[Result "1-0"]
[WhiteElo "2007"]
[BlackElo "1584"]

1. d4 d5 2. Nf3 Nc6 3. e3 f6 4. a3 e5 5. dxe5 fxe5 6. Bb5 Bd7 7. Bxc6 Bxc6 8.
Nxe5 Bb5 9. Qh5+ g6 10. Nxg6 Nf6 11. Qh4 Rg8 12. Nxf8 Rxf8 13. Nc3 Bc6 14. O-O
Qe7 15. Bd2 Qg7 16. f3 h5 17. Rae1 O-O-O 18. Ne2 d4 19. Nxd4 Rg8 20. Rf2 Rdf8
21. Ne6 Qf7 22. Nxf8 Qxf8 23. Bb4 Qg7 24. Bc3 Qg6 25. Bxf6 Bxf3 26. g3 Be4 27.
Rd1 b6 28. Rd8+ Rxd8 29. Bxd8 Kb7 30. Qf4 Qh7 31. Qf7 Qh8 32. Qxc7+ Ka6 33. Qc4+
b5 34. Qe6+ Kb7 35. Rf7+ Kb8 36. Qxe4 Kc8 37. Qa8# 1-0

[Event "Challenge"]
[Site "http://www.queenalice.com/game.php?id=403477"]
[Date "2008.5.15"]
[Round "-"]
[White "ludo"]
[Black "wellcome"]
[Result "1-0"]
[WhiteElo "2029"]
[BlackElo "1580"]

1. d4 d5 2. Nf3 f6 3. e3 Bg4 4. Be2 Nh6 5. c3 Qd6 6. b3 Nc6 7. O-O O-O-O 8. a4
a5 9. Ra2 e5 10. dxe5 fxe5 11. Rd2 e4 12. Nd4 Nxd4 13. Bxg4+ Ne6 14. Ba3 Qd7 15.
Bxf8 Rhxf8 16. c4 Nxg4 17. Qxg4 Nc5 18. Qxd7+ Rxd7 19. cxd5 Nxb3 20. Rb2 Nc5 21.
Nc3 c6 22. dxc6 bxc6 23. Rfb1 Rb7 24. Rxb7 Nxb7 25. Nxe4 Re8 26. f3 Kc7 27. Rc1
Nd6 28. Nxd6 Kxd6 29. e4 g5 30. Kf2 g4 31. Ke3 h5 32. f4 h4 33. Kd4 Rb8 34. e5+
Kd7 35. Rd1 Kc7 36. Ke4 Rb4+ 37. Kf5 g3 38. hxg3 hxg3 39. e6 Rb8 40. Ke5 Rd8 41.
Rxd8 Kxd8 42. Kd6 c5 43. Kxc5 Ke7 44. Kd5 Ke8 45. Kd6 Kd8 46. f5 Ke8 47. f6 1-0

[Event "Challenge"]
[Site "http://www.queenalice.com/game.php?id=403480"]
[Date "2008.5.15"]
[Round "-"]
[White "ludo"]
[Black "Delferrer"]
[Result "1-0"]
[WhiteElo "2055"]
[BlackElo "1572"]

1. d4 d5 2. c4 c6 3. e3 Nf6 4. Nf3 Bg4 5. Be2 Bxf3 6. Bxf3 e6 7. cxd5 cxd5 8.
Nc3 a6 9. Qb3 b5 10. Bd2 Be7 11. a4 b4 12. Na2 a5 13. Qd3 Nbd7 14. b3 O-O 15.
O-O e5 16. Be2 e4 17. Qb1 Bd6 18. g3 h5 19. Qd1 g6 20. f3 Qc7 21. Rc1 Qb8 22. f4
Nh7 23. Rc6 Ndf6 24. Qc2 Ra7 25. Rc1 Rd8 26. Qd1 Ne8 27. R1c2 Rc7 28. Qc1 Rdc8
29. Bb5 Rxc6 30. Rxc6 Bc7 31. Nxb4 axb4 32. Bxb4 Nf8 33. Bxf8 Kxf8 34. Qc5+ Kg7
35. Qxd5 Rd8 36. Qxe4 Bd6 37. d5 Nc7 38. Bc4 Re8 39. Qd4+ f6 40. Rxd6 Re7 41.
Qxf6+ Kg8 42. Qxe7 Ne8 43. Rxg6+ Kh8 44. Rh6+ Kg8 45. d6# 1-0

[Event "Challenge"]
[Site "http://www.queenalice.com/game.php?id=403493"]
[Date "2008.5.15"]
[Round "-"]
[White "roqqk"]
[Black "ludo"]
[Result "0-1"]
[WhiteElo "1643"]
[BlackElo "1919"]

1. e4 c5 2. b3 Nf6 3. Qf3 Nc6 4. Bc4 Ne5 5. Qf5 Nxc4 6. bxc4 d5 7. Qe5 dxe4 8.
Qxc5 e6 9. Qb5+ Qd7 10. Qxd7+ Bxd7 11. Nh3 Rc8 12. Na3 Bxa3 13. Bxa3 Rxc4 14. c3
Bc6 15. O-O Nd5 16. Rae1 Ra4 17. c4 Rxa3 18. cxd5 exd5 19. Ra1 O-O 20. Nf4 f5
21. Ne6 Rf6 22. Nc5 b6 23. Rfb1 bxc5 24. Rb8+ Kf7 25. Rc8 c4 26. h3 f4 27. h4
Kg6 28. g4 h5 29. g5 Re6 30. Rh8 Rh3 31. Rh6+ gxh6 0-1

[Event "jg.03"]
[Site "http://www.queenalice.com/game.php?id=404156"]
[Date "2008.5.16"]
[Round "-"]
[White "ludo"]
[Black "tche_elvio"]
[Result "1-0"]
[WhiteElo "2029"]
[BlackElo "1637"]

1. d4 f5 2. e3 Nf6 3. Bd3 d5 4. Nf3 Nc6 5. c3 Qd6 6. Qc2 e5 7. dxe5 Nxe5 8. Nxe5
Qxe5 9. O-O Bd6 10. g3 c5 11. Bb5+ Bd7 12. Bxd7+ Kxd7 13. Nd2 Ke6 14. Nf3 Qe4
15. Ng5+ Ke5 16. Nxe4 dxe4 17. f3 c4 18. Qa4 Ke6 19. Qxc4+ Nd5 20. fxe4 fxe4 21.
Qxe4+ Be5 22. c4 Nf6 23. Qf5+ Kd6 24. Rd1+ Kc5 25. Qxe5+ Kb4 26. Qb5# 1-0

[Event "jg.04"]
[Site "http://www.queenalice.com/game.php?id=404157"]
[Date "2008.5.16"]
[Round "-"]
[White "tche_elvio"]
[Black "ludo"]
[Result "0-1"]
[WhiteElo "1637"]
[BlackElo "2029"]

1. c4 b6 2. Nc3 Bb7 3. Nf3 e6 4. e4 d6 5. d4 Be7 6. Be3 Nf6 7. Bd3 Nc6 8. O-O
O-O 9. d5 exd5 10. Nxd5 Qd7 11. Nxf6+ Bxf6 12. Rb1 Nb4 13. Bd4 Bxd4 14. Nxd4
Nxd3 15. Qxd3 Rae8 16. Rfe1 a6 17. b4 Qg4 18. Qf3 Qxf3 19. Nxf3 Bxe4 20. Rb2
Bxf3 21. Rxe8 Rxe8 22. gxf3 g6 23. a4 Re1+ 24. Kg2 Rc1 25. c5 dxc5 26. bxc5 Rxc5
27. h4 Rc4 0-1

[Event "Challenge"]
[Site "http://www.queenalice.com/game.php?id=424863"]
[Date "2008.6.29"]
[Round "-"]
[White "ludo"]
[Black "Isambard"]
[Result "1-0"]
[WhiteElo "2035"]
[BlackElo "1891"]

1. d4 d5 2. Nf3 h6 3. e3 a6 4. c4 Bg4 5. cxd5 Qxd5 6. Be2 Nf6 7. Nc3 Qa5 8. Bd2
e6 9. Rc1 Bd6 10. a3 c6 11. Ne4 Qd8 12. Nxd6+ Qxd6 13. O-O O-O 14. Bb4 Qc7 15.
Bxf8 Kxf8 16. Ne5 Bf5 17. Qb3 Qe7 18. Nc4 b5 19. Nb6 Ra7 20. Nc8 Qc7 21. Nxa7
Bg4 22. f3 1-0

[Event "Amistoso"]
[Site "http://www.queenalice.com/game.php?id=433375"]
[Date "2008.7.15"]
[Round "-"]
[White "cardosorafael"]
[Black "ludo"]
[Result "0-1"]
[WhiteElo "1727"]
[BlackElo "2049"]

1. e4 e5 2. Nf3 d6 3. Bc4 h6 4. h3 Nf6 5. d3 Be7 6. O-O O-O 7. Nc3 Nc6 8. Re1 a6
9. Nd5 Nxd5 10. Bxd5 Na7 11. c3 c6 12. Bb3 Kh7 13. d4 f6 14. dxe5 dxe5 15. Qxd8
Rxd8 16. Be3 c5 17. Rad1 Nc6 18. Rd2 Rxd2 19. Nxd2 b5 20. Rd1 Bb7 21. Nf3 Rd8
22. Bd5 Na5 23. Bxb7 Rxd1+ 24. Kh2 Nxb7 0-1

[Event "Challenge"]
[Site "http://www.queenalice.com/game.php?id=433382"]
[Date "2008.7.15"]
[Round "-"]
[White "montelo"]
[Black "ludo"]
[Result "0-1"]
[WhiteElo "1639"]
[BlackElo "2047"]

1. e3 d5 2. d4 e6 3. c3 Nf6 4. Qa4+ Bd7 5. Qb3 b6 6. Nf3 Nc6 7. Bb5 Be7 8. g3
O-O 9. Qc2 a6 10. Bd3 g6 11. h4 Kg7 12. h5 Nxh5 13. b3 f5 14. Ne5 Nxe5 15. dxe5
c5 16. Be2 Be8 17. Na3 Qc7 18. f4 Nxg3 19. Rg1 Nxe2 20. Qxe2 b5 21. Qh5 d4 22.
exd4 cxd4 23. cxd4 Qc3+ 24. Bd2 Qxa1+ 25. Kf2 Qxg1+ 26. Kxg1 gxh5 27. Nc2 Bc6
28. Kf2 Be4 29. Ne3 Bh4+ 0-1

[Event "Challenge"]
[Site "http://www.queenalice.com/game.php?id=433383"]
[Date "2008.7.15"]
[Round "-"]
[White "ludo"]
[Black "montelo"]
[Result "1-0"]
[WhiteElo "2045"]
[BlackElo "1641"]

1. d4 Nf6 2. c4 g6 3. Nc3 Bg7 4. e4 d6 5. Bd3 Bg4 6. f3 Bd7 7. Nge2 c6 8. O-O
Qb6 9. Qc2 e5 10. Be3 exd4 11. Bxd4 c5 12. Be3 Nc6 13. a3 a5 14. Na4 Qd8 15. Bf4
Ne5 16. Bxe5 dxe5 17. Nxc5 O-O 18. Nxd7 Qxd7 19. Rfd1 Qc7 20. Kh1 g5 21. Ng3
Rad8 22. Nf5 g4 23. Qc1 gxf3 24. gxf3 Nh5 25. Qg5 f6 26. Qxh5 Qf7 27. Qxf7+ Rxf7
28. c5 Rc7 29. Bc4+ 1-0

[Event "Amistoso"]
[Site "http://www.queenalice.com/game.php?id=436886"]
[Date "2008.7.21"]
[Round "-"]
[White "ludo"]
[Black "cardosorafael"]
[Result "1-0"]
[WhiteElo "2052"]
[BlackElo "1725"]

1. d4 Nf6 2. c4 e6 3. e3 Bb4+ 4. Bd2 Bxd2+ 5. Nxd2 b6 6. Ngf3 d6 7. Qc2 Bb7 8.
Be2 Nc6 9. a3 Qd7 10. b4 d5 11. c5 O-O 12. b5 Na5 13. c6 Nxc6 14. bxc6 Bxc6 15.
Ne5 1-0

[Event "Amistoso"]
[Site "http://www.queenalice.com/game.php?id=438954"]
[Date "2008.7.25"]
[Round "-"]
[White "cardosorafael"]
[Black "ludo"]
[Result "0-1"]
[WhiteElo "1753"]
[BlackElo "2057"]

1. e4 e5 2. Nf3 d6 3. Bc4 Bg4 4. Nc3 Nf6 5. h3 Bh5 6. g4 Bg6 7. d3 Be7 8. Nh4
Nbd7 9. Nxg6 hxg6 10. Qf3 Rf8 11. Bg5 c6 12. O-O-O Qc7 13. Qe3 Nb6 14. Bb3 O-O-O
15. f3 d5 16. Ne2 d4 17. Qf2 Nxe4 18. fxe4 Bxg5+ 19. Kb1 c5 20. Rhf1 c4 21. dxc4
Nxc4 22. Nc1 Ne3 0-1

[Event "Challenge"]
[Site "http://www.queenalice.com/game.php?id=443751"]
[Date "2008.8.4"]
[Round "-"]
[White "ludo"]
[Black "cardosorafael"]
[Result "1-0"]
[WhiteElo "2063"]
[BlackElo "1837"]

1. d4 Nf6 2. e3 e6 3. Nf3 b6 4. c4 Bb7 5. Be2 Nc6 6. a3 Be7 7. Nc3 O-O 8. b4 d5
9. Qc2 dxc4 10. Bxc4 Nd5 11. O-O Nxc3 12. Qxc3 Bf6 13. Qb3 Ne7 14. Be2 Bd5 15.
Qc2 Re8 16. Bb2 Qd7 17. Rac1 Rac8 18. Nd2 Qc6 19. Qb1 Qd6 20. e4 e5 21. exd5
exd4 22. Ne4 Qxd5 23. Nxf6+ gxf6 24. Bf3 Qd6 25. Rfd1 c5 26. bxc5 bxc5 27. Qa2
Ng6 28. Bd5 Re7 29. Bxd4 cxd4 30. Rxc8+ 1-0

[Event "Challenge"]
[Site "http://www.queenalice.com/game.php?id=454182"]
[Date "2008.8.26"]
[Round "-"]
[White "cardosorafael"]
[Black "ludo"]
[Result "0-1"]
[WhiteElo "1804"]
[BlackElo "2070"]

1. e4 e5 2. Nf3 d6 3. Bc4 h6 4. h3 Nf6 5. d3 Nc6 6. O-O Qe7 7. Nc3 Be6 8. Bxe6
Qxe6 9. Re1 Be7 10. b3 O-O 11. Bb2 a6 12. Qd2 Rad8 13. Rad1 Nb8 14. Ne2 c5 15.
c4 Nc6 16. Ng3 Nh7 17. Nf5 Bf6 18. a3 Rd7 19. Re2 Ng5 20. Nh2 Nd4 21. Bxd4 cxd4
22. Ng4 Bd8 23. f4 Nh7 24. fxe5 dxe5 25. Rf1 Bg5 26. Qd1 h5 27. Nh2 g6 28. Ng3
f6 29. Nf3 Bh6 30. Nh4 Kg7 31. Kh1 Bf4 32. Qe1 Ng5 33. Nf3 Nxh3 34. Nxh5+ gxh5
35. Qh4 Ng5 36. Nxg5 fxg5 37. Qe1 Rdf7 38. Qd1 Qg4 39. Qc2 Qh4+ 0-1

[Event "Challenge"]
[Site "http://www.queenalice.com/game.php?id=467473"]
[Date "2008.9.23"]
[Round "-"]
[White "ludo"]
[Black "cardosorafael"]
[Result "1-0"]
[WhiteElo "2075"]
[BlackElo "1770"]

1. d4 Nf6 2. c4 e6 3. e3 b6 4. Nf3 Bb7 5. Be2 Bb4+ 6. Bd2 Bxd2+ 7. Nbxd2 d6 8.
Qc2 Nbd7 9. O-O O-O 10. Bd3 h6 11. Rfe1 Re8 12. e4 e5 13. dxe5 Nxe5 14. Rad1
Nxd3 15. Qxd3 Qd7 16. Nd4 Re7 17. f3 g6 18. b3 Rae8 19. Nf1 c6 20. Qd2 Kg7 21.
Ng3 d5 22. Ndf5+ gxf5 23. Nxf5+ Kf8 24. Qxh6+ 1-0

[Event "Challenge"]
[Site "http://www.queenalice.com/game.php?id=476555"]
[Date "2008.10.12"]
[Round "-"]
[White "fusiger"]
[Black "ludo"]
[Result "1/2-1/2"]
[WhiteElo "1688"]
[BlackElo "2079"]

1. e4 d5 2. exd5 Qxd5 3. Nc3 Qd8 4. Nf3 c6 5. d4 e6 6. Bd3 Nf6 7. O-O Be7 8. Bf4
Nbd7 9. Ne4 Qb6 10. Qc1 Nxe4 11. Bxe4 Nf6 12. Bd3 O-O 13. c3 Nd5 14. Bg3 f5 15.
Be5 Qd8 16. Qc2 Bf6 17. Rfe1 Bxe5 18. Nxe5 Nf4 19. Bf1 Qg5 20. g3 h5 21. h4 Qe7
22. gxf4 Kh7 23. Nf3 Kh6 24. Bh3 Qc7 25. Re5 g6 26. Rae1 Rf6 27. Ng5 Bd7 28.
Nxe6 Bxe6 29. Rxe6 Rxe6 30. Rxe6 Qxf4 31. Bxf5 Rg8 32. Bh3 Qxh4 33. Bg2 Qg5 34.
Qb3 Qc1+ 35. Kh2 Qf4+ 36. Kg1 Qc1+ 37. Bf1 Qg5+ 38. Bg2 Qc1+ 1/2-1/2

[Event "Challenge"]
[Site "http://www.queenalice.com/game.php?id=480772"]
[Date "2008.10.21"]
[Round "-"]
[White "cardosorafael"]
[Black "ludo"]
[Result "1/2-1/2"]
[WhiteElo "1819"]
[BlackElo "2079"]

1. e4 e5 2. Nf3 d6 3. Bc4 h6 4. h3 Nf6 5. d3 Nc6 6. c3 Bd7 7. O-O a6 8. Nbd2 b5
9. Bb3 Na5 10. Bc2 c5 11. Re1 Nc6 12. Nf1 Be7 13. Ng3 O-O 14. d4 cxd4 15. cxd4
exd4 16. Nxd4 Nxd4 17. Qxd4 Qc7 18. Qd3 Rac8 19. Re2 Qc4 20. Qxc4 Rxc4 21. b3
Rc7 22. Bb2 Rfc8 23. Bd3 Be6 24. e5 dxe5 25. Rxe5 Rd7 26. Nf5 Kf8 27. Nxe7 Kxe7
28. Bf5 Rc6 29. Bxe6 Rxe6 30. Rae1 Rxe5 31. Bxe5 Kf8 32. Bxf6 gxf6 33. Re4 Rd2
34. a4 Rd5 35. axb5 Rxb5 36. b4 f5 37. Rd4 a5 38. bxa5 Rxa5 39. Kh2 Kg7 40. Kg3
Kg6 41. f4 f6 42. Kh4 Ra2 43. g4 fxg4 44. hxg4 Ra7 45. f5+ Kh7 46. Kg3 Kg7 47.
Kf3 Re7 48. Re4 Kf7 49. Rxe7+ Kxe7 50. Ke4 Kd6 51. Kd4 Kc6 52. Kc4 Kd6 53. Kd4
Kc6 54. Kc4 Kd6 55. Kd4 1/2-1/2

[Event "Challenge"]
[Site "http://www.queenalice.com/game.php?id=487724"]
[Date "2008.11.4"]
[Round "-"]
[White "ludo"]
[Black "fusiger"]
[Result "0-1"]
[WhiteElo "2079"]
[BlackElo "1723"]

1. d4 d5 2. c4 c6 3. e3 Nf6 4. Nf3 e6 5. Nc3 Nbd7 6. a3 dxc4 7. Bxc4 b5 8. Bd3
a6 9. Bd2 c5 10. b3 Bb7 11. Be2 Bd6 12. O-O O-O 13. Qc2 Rc8 14. Qb2 cxd4 15.
exd4 Qb6 16. Be3 Ng4 17. h3 Bxf3 18. hxg4 Bxe2 19. Nxe2 Qb7 20. f3 Nf6 21. Kf2
Nd5 22. Bd2 Qe7 23. Rh1 e5 24. Qb1 g6 25. Qb2 exd4 26. Rh3 d3 27. Nc3 Nxc3 28.
Bxc3 Be5 29. Rc1 Bxc3 30. Rxc3 Rxc3 31. Qxc3 Qe2+ 32. Kg3 d2 33. Rh1 d1=Q 34.
Rxd1 Qxd1 0-1

[Event "Challenge"]
[Site "http://www.queenalice.com/game.php?id=494937"]
[Date "2008.11.18"]
[Round "-"]
[White "ludo"]
[Black "cardosorafael"]
[Result "0-1"]
[WhiteElo "2069"]
[BlackElo "1745"]

1. d4 Nf6 2. c4 e6 3. e3 Bb4+ 4. Bd2 Bxd2+ 5. Nxd2 O-O 6. Bd3 d5 7. c5 Nc6 8.
Ngf3 Re8 9. a3 e5 10. dxe5 Nxe5 11. Nxe5 Rxe5 12. Nc4 Re7 13. O-O c6 14. Nd2 Qc7
15. h3 Bd7 16. Nf3 Rae8 17. Re1 Ne4 18. b4 Bf5 19. Qc2 h6 20. Nd4 Bg6 21. Re2 f5
22. Nf3 f4 23. Rae1 Bf5 24. Nh4 Bh7 25. Nf3 g5 26. Nh2 Bg6 27. Ng4 h5 28. Bxe4
Bxe4 29. Nf6+ Kf7 30. Qc3 f3 31. Nxe8 Rxe8 32. Rd2 g4 33. g3 h4 34. Kh2 gxh3 35.
Kxh3 hxg3 36. fxg3 Qc8+ 37. g4 Rh8+ 38. Qxh8 Qxh8+ 39. Kg3 Qc3 40. Rdd1 Qxa3 41.
Rd4 Qb2 42. Kf4 Qh2+ 43. Kg5 Qe5+ 44. Kh4 Kg6 45. Kh3 Kg5 46. Rd2 Qc3 0-1